| 000 | 01495cam a22002535a 4500 | ||
|---|---|---|---|
| 002 | ##6886 | ||
| 008 | 030113s2003 xxk f 000 0 eng d | ||
| 020 | _a1842191306 | ||
| 035 | _a(Sirsi) u120998 | ||
| 041 | 0 | _aeng | |
| 050 | 0 | 4 | _a333.73 $2 18 |
| 110 | 2 |
_aRoyal Institution of Chartered Surveyors _94900 |
|
| 245 | 0 | 0 |
_aContamination and environmental matters _btheir implications for property professionals |
| 250 | 0 | 0 | _a2nd ed. |
| 260 |
_aLondon _bRICS _c2003 |
||
| 300 |
_aviii, 116p. _c30cm. |
||
| 490 | 0 | _aRICS Guidance Note | |
| 520 | _aThis fully updated second edition provides a guide to identifying possible contamination; helps surveyors to understand the law; defines professional responsibilities; explains liability and recommends standard reporting phrases. Contains sections on: valuation; commercial property agency; property development and changes of use; estate management; risk assessment; land condition records; and insurance cover. Includes a list of selected legislation and official guidance; glossary of environmental terms and RICS property observation checklists. | ||
| 520 | _aSupersedes "Contamination and its implications for chartered surveyors" (ISBN 0854068392). | ||
| 520 | _aSuperseded by Contamination, the environment and sustainability: implications for chartered surveyors and their clients (ISBN 9781842195673). | ||
| 651 | 4 |
_aEngland and Wales _y1543- |
|
| 690 | _aPROPERTY-RURAL AND NATURAL ASSETS-LAND-CONTAMINATED LAND | ||
| 942 | _n0 | ||
| 999 |
_c102603 _d102603 |
||